000 00469nam a2200157Ia 4500
008 240729s9999 xx 000 0 und d
022 _a0068-3175
245 0 _aAnalele Universităţii Bucureşti: Filosofie
260 _aRomania
260 _bBucharest University Press
650 _a Philosophy (General)
650 _aPhilosophy. Psychology. Religion
856 _uhttps://doaj.org/toc/6fe2c7bb78294c9180c4cdbdfac2d878
942 _2ddc
942 _cDOAJEJ
999 _c73529
_d73529
945 _a1
_bMadushi Gamage
_c1
_dMadushi Gamage